000 00245nam a22000857a 4500
008 161124b xxu||||| |||| 00| 0 eng d
100 _91370
_aCBSE
245 _aSecondary school curriculum languages 2009
260 _aNew delhi
_bNational book trust
_c2007
999 _c4084
_d4084